Antología comentarios de textos / (Registro nro. 24899)
[ vista simple ]
| 000 -CABECERA | |
|---|---|
| campo de control de longitud fija | 00570nam a2200169 a 4500 |
| 001 - NÚMERO DE CONTROL | |
| campo de control | 000025407 |
| 005 - FECHA Y HORA DE LA ÚLTIMA TRANSACCIÓN | |
| campo de control | 20200930023751.0 |
| 008 - DATOS DE LONGITUD FIJA--INFORMACIÓN GENERAL | |
| campo de control de longitud fija | 100702s1962 ag r 000 |aspa d |
| 040 ## - FUENTE DE LA CATALOGACIÓN | |
| Centro catalogador/agencia de origen | DO-SdBNP |
| Lengua de catalogación | spa |
| Centro/agencia transcriptor | BNPHU |
| 082 ## - NÚMERO DE LA CLASIFICACIÓN DECIMAL DEWEY | |
| Número de clasificación | xxx |
| Número de documento/Ítem | P163a |
| 049 ## - FONDOS LOCALES (OCLC) | |
| Fondos de biblioteca | BNGR |
| 100 1# - ENTRADA PRINCIPAL--NOMBRE DE PERSONA | |
| Nombre de persona | Palisa Mujica de Lacau, María Hortensia |
| 9 (RLIN) | 52009 |
| 245 10 - MENCIÓN DE TÍTULO | |
| Título | Antología comentarios de textos / |
| Mención de responsabilidad, etc. | María Hortensia Palisa Mujica de Lacau , Mabel V. Manacorda de Rosetti. |
| 260 ## - PUBLICACIÓN, DISTRIBUCIÓN, ETC. | |
| Lugar de publicación, distribución, etc. | Buenos Aires : |
| Nombre del editor, distribuidor, etc. | Kapelusz, |
| Fecha de publicación, distribución, etc. | 1962. |
| 300 ## - DESCRIPCIÓN FÍSICA | |
| Extensión | 313 p. : ; |
| Dimensiones | 20 cm. |
| 700 1# - PUNTO DE ACCESO ADICIONAL--NOMBRE DE PERSONA | |
| Nombre de persona | Mabel V. Manacorda de Rosetti |
| 9 (RLIN) | 52010 |
| Estado de retiro | Estado de pérdida | Restricciones de uso | No para préstamo | Código de colección | Localización permanente | Ubicación/localización actual | Ubicación en estantería | Fecha de adquisición | Número de inventario | Total de préstamos | Signatura topográfica completa | Código de barras | Fecha visto por última vez | Precio válido a partir de | Tipo de ítem Koha |
|---|---|---|---|---|---|---|---|---|---|---|---|---|---|---|---|
| Excluido de préstamo | Monografías: Libros y Folletos | General | General | En catalogación | 15.02.2011 | LF1 | xxx P163a | 25407-10 | 25.06.2020 | 25.06.2020 | No se presta |
